[Event "BCF-chTa 1112 (4NCL)"]
[Site "England"]
[Date "2012.01.15"]
[Round "4.11"]
[White "Howell, David"]
[Black "Short, Nigel D"]
[Result "1-0"]
[WhiteElo "2603"]
[BlackElo "2677"]
[Annotator "CB"]
[PlyCount "105"]
[EventDate "2011.11.12"]
[EventType "team-tourn"]
[EventRounds "7"]
[EventCountry "ENG"]
[SourceTitle "EXT 2013"]
[Source "ChessBase"]
[SourceDate "2012.11.22"]
[SourceVersion "1"]
[SourceVersionDate "2012.11.22"]
[SourceQuality "1"]
[WhiteTeam "Wood Green Hilsmark"]
[BlackTeam "Guildford"]
[WhiteTeamCountry "ENG"]
[BlackTeamCountry "ENG"]

1. e4 e6 2. d4 d5 3. Nd2 h6 $5 ({Dieser extravagante Zug ist eine Spezialität
von Short und eine Variation der Wartezüge} 3... Be7) ({oder} 3... a6 {
Schwarz möchte Weiß zu Sgf3 zwingen, wonach der f-Bauer festgelegt ist.}) 4.
Ngf3 ({Auf} 4. c3 {folgt} c5 {z.B.:} 5. Ngf3 Nf6 6. exd5 Nxd5 7. Nb3 Nd7 8. Bd3
Qc7 9. Bc2 b6 10. O-O Bb7 11. Re1 Be7 12. Ne5 Nxe5 13. dxe5 O-O-O 14. Qg4 h5
15. Qc4 g5 16. a4 a6 17. Bd2 Kb8 18. Rad1 g4 19. Nc1 Rdg8 20. Be4 h4 21. Nd3 g3
22. h3 gxf2+ 23. Nxf2 Qxe5 24. Bxd5 Bxd5 25. Qxd5 Qxd5 26. Bf4+ Bd6 27. Bxd6+
Kc8 28. Rxd5 exd5 29. Re7 Rh6 30. Bf4 Rhg6 31. g4 hxg3 32. Ng4 R8g7 33. Kg2 d4
34. cxd4 cxd4 35. Be5 d3 36. Rc7+ Kd8 37. Rc3 Rxg4 38. Rxd3+ Ke7 39. hxg4 Rxg4
40. Rd4 Rg5 41. Bf4 Rg6 42. Bxg3 a5 43. b3 Rc6 44. Re4+ Kd7 45. Kf3 Rf6+ 46.
Bf4 Rc6 {1-0 (46) Lane,G (2442)-Short,N (2687) Mallorca 2004}) ({Oder} 4. Bd3
c5 5. dxc5 Bxc5 6. Ngf3 Nc6 7. O-O Nge7 8. Qe2 O-O 9. Nb3 Bb6 10. c3 dxe4 11.
Qxe4 Ng6 12. Bc4 Kh8 13. Qc2 Nce5 14. Nxe5 Nxe5 15. Be2 Qh4 16. g3 Qh3 17. Be3
Bxe3 18. fxe3 Ng4 19. Bxg4 Qxg4 20. Rad1 f6 21. Nd4 e5 22. Nf5 Be6 23. e4 Rfd8
24. Ne3 Qg6 25. Kg2 b5 26. b3 a5 27. c4 bxc4 28. bxc4 Qh5 29. h4 Bd7 30. Rf2
Bc6 31. Nd5 Rab8 32. Qe2 Qg6 33. Qf3 Rd7 34. Kh2 Rdb7 35. Rdd2 a4 36. Qe3 Bd7
37. Qf3 Bg4 38. Qe3 Be6 39. Qf3 Rb1 40. Ne3 Rc1 41. Rd6 Qf7 42. Rfd2 Rbb1 43.
g4 Kh7 44. h5 Rc3 45. Kg2 Rxe3 46. Qxe3 Bxg4 47. Rb6 Ra1 48. Qc3 Re1 49. Rf2
Rxe4 50. c5 Bxh5 51. Rb4 Bg6 52. Kh2 Qe6 53. Rg2 Bf5 54. Rb7 Bg4 55. Rf2 f5 56.
Rb4 Rxb4 57. Qxb4 e4 58. Qd4 e3 59. Rf1 Qxa2+ 60. Kg3 Qe2 61. Qf4 Qd2 62. Qe5
e2 63. Rg1 h5 64. c6 f4+ 65. Kh4 Qd8+ 66. Qg5 Qxg5+ 67. Kxg5 f3 68. c7 f2 69.
Rxg4 f1=Q 70. c8=Q Qf6+ 71. Kxh5 Qh6# {0-1 (71) Adams,M (2734)-Short,N (2698)
London 2011}) 4... Nf6 5. e5 (5. Bd3 {wurde auch schon gespielt.}) 5... Nfd7 6.
Bd3 c5 7. c3 Nc6 {Die Position gibt es auch ohne den Zug ...h6.} 8. a3 a5 {
Schon eine Neuerung. Das übliche Spiel mit f7-f6 verbeitet sich hier wegen
der Schwäche des Feldes g6.} 9. Nf1 {Das Zielfeld ist h5.} c4 10. Bc2 b5 {
Schwarz setzt auf eine geschlossene Struktur.} 11. Ng3 Nb6 12. Nh5 {Angekommen.
Der Springer ist wegen der folgenden Schwächung von f6 schwer zu vertreiben.}
Bd7 {Schwarz bereitet die lange Rochade vor.} ({In Betracht kam} 12... b4 $5
13. axb4 axb4 14. Rxa8 Nxa8 15. h4 Qa5) 13. h4 Qe7 14. Rh3 {Da dieser Turm aud
f1 oder e1 weitgehend wirkungslos wäre, verzichtet Weiß auf die Rochade.}
O-O-O 15. Rg3 {Erzwingt den nächsten Zug und damit die Schwäche f6.} g6 16.
Nf6 Bg7 17. Nh5 Bf8 18. Nf6 Bg7 19. h5 (19. Ng4 $5 h5 $2 (19... Kb7) 20. Bg5
$16) 19... g5 (19... Bxf6 20. exf6 Qxf6 21. hxg6 fxg6 22. Rxg6 Qf7 23. Ne5 (23.
Bxh6 $2 Qxg6 24. Bxg6 Rxh6 {ist zu teuer.}) 23... Nxe5 24. dxe5 {mit einigem
weißen Vorteil.}) 20. Nh7 {Sieht witzig aus.} ({Einfach und gut war} 20. Nxg5
hxg5 21. Bxg5 Bxf6 22. Bxf6 Qf8 23. Bg7 Qe7 24. h6 $18) 20... Rdg8 21. Qe2 b4
$6 ({Vielleicht ging} 21... Be8 $5 {z.B.:} 22. Nfxg5 hxg5 23. Bxg5 Qc7 {Tricky!
} 24. h6 (24. Nf6 Rf8) 24... f5 {Das war die Idee.} 25. exf6 (25. hxg7 $2 Rxh7
$19) 25... Bxh6 26. Bxh6 Rxg3 27. fxg3 Qxg3+) 22. axb4 axb4 23. Nfxg5 b3 24.
Bb1 hxg5 25. Bxg5 Qe8 {Ein typische Franzöische "Schrottstellung". Der Ta1
ist vom Rest der Mannschaft abgeschnitten. Der Lb1 hat kein Feld. Dafür steht
Schwarz am Königsflügel auf ziemlich verlorenem Posten. Die Summe der
Nachteile ergibt weißen Vorteil.} 26. Nf6 ({Die Alternative war} 26. Bf6 Bh6
27. Bxh8 Rxh8 28. Nf6 Qd8 $14) 26... Bxf6 27. Bxf6 Qf8 (27... Rh6 28. Bg7 Rxg7
29. Rxg7 Qf8 30. Rg5 $16) 28. Rxg8 Rxg8 29. g4 {Teilt man das Brett in zwei
Hälften, so hat Weiß mit dem (eingschränkten) Läuferpaar, der Dame und den
Bauern f-h im Moment deutlichen materiellen Vorteil am Königflügel.} Be8 30.
Bh7 Rh8 31. Bb1 (31. Bxh8 Qxh8 (31... Qh6 $5 {Vorsicht!} 32. Bf6 ({Aber nicht} 
32. Bb1 Qc1+ 33. Qd1 Qxb2) 32... Qxh7 33. f3 {mit weißem Vorteil, aber in
trockenen Tüchern ist der Punkt noch nicht.})) 31... Rg8 {Remis?} 32. f4 {
Weiterspielen. Aber der Zug ist wahrscheinlich nicht das Beste.} (32. Bh7 Rh8
33. Bxh8 $16) 32... Nd7 33. g5 Nxf6 34. exf6 Rh8 35. Kf2 Kb7 {Macht die a-Line
zu. Der Ta1 spielt weiter nicht mit.} 36. Kg3 Bd7 (36... Nb8 $5 37. h6 Nd7 38.
h7 Nb6 39. Qe5 Bc6 {mit unklarere Situation.}) 37. h6 Rxh6 {Schwarz will den
Gordischen Knoten durchschlagen.} ({In Betracht kam} 37... Na7 38. h7 Nc8 39.
Qg4 Nd6) 38. gxh6 Qxh6 39. Qh2 Qxf6 40. Qh7 Ne7 $2 (40... e5 $1 {hätte Weiß
noch mal zum Schwitzen gebracht und reicht anscheinend zum Remis.} 41. dxe5 (
41. fxe5 $2 Qg5+ 42. Kf2 Qd2+ 43. Kf3 Qxb2 44. Qxf7 Qxc3+ 45. Kg2 Qxa1 46.
Qxd7+ Kb6 $19) 41... Nxe5 42. Qh5 $5 (42. fxe5 Qg5+ 43. Kf2 Qd2+ 44. Kg3 Qxb2
45. Qxf7 Qxc3+ 46. Kg2 Qxa1 47. Qxd7+ Kb6 48. Qd6+ Kb5 49. Qxd5+ Kb4 50. Bf5
Qb2+ 51. Kf3 Qh2 $11 {(Rybka)}) 42... Qg7+ 43. Kf2 Ng4+ 44. Ke2 Nf6 45. Qg5 Qh8
$11) 41. Qh5 Nc6 42. Bh7 Qg7+ 43. Kf3 Be8 44. Rh1 {Hurra, der Ta1 ist im Spiel
und damit die Partie auch bald zu Ende.} Qf8 45. Qg5 Kc7 46. Qf6 Qe7 47. Qxe7+
Nxe7 48. f5 Nxf5 49. Bxf5 exf5 50. Kf4 Bd7 51. Ke5 Be6 52. Rf1 Kd7 53. Rxf5 1-0

[Event "Olympiad-38"]
[Site "Dresden"]
[Date "2008.11.17"]
[Round "5"]
[White "Adams, Michael"]
[Black "Caruana, Fabiano"]
[Result "0-1"]
[WhiteElo "2734"]
[BlackElo "2640"]
[Annotator "Caruana,F"]
[PlyCount "130"]
[EventDate "2008.11.13"]
[EventType "team-swiss"]
[EventRounds "11"]
[EventCountry "GER"]
[SourceTitle "CBM 128"]
[Source "ChessBase"]
[SourceDate "2009.01.28"]
[SourceVersion "1"]
[SourceVersionDate "2009.01.28"]
[SourceQuality "1"]
[WhiteTeam "England"]
[BlackTeam "Italy"]
[WhiteTeamCountry "ENG"]
[BlackTeamCountry "ITA"]

1. e4 e6 2. d4 d5 3. Nd2 Be7 4. Ngf3 Nf6 5. e5 Nfd7 6. Bd3 c5 7. c3 b6 8. Qe2
a5 9. a4 Ba6 10. Bxa6 (10. Bb5 {is the normal continuation.}) 10... Nxa6 11.
O-O Nc7 12. Re1 Nb8 {Going to c6. It was also possible to transfer the knight
to g6 via f8; however, with hindsight it may have been better to leave the
knight on d7 for a while.} (12... Nf8 $5) (12... Qc8 13. Nf1 Qa6 14. Qe3) 13.
Nb3 $5 {An interesting idea. White wants to clarify the central tension, but
at the cost of time.} (13. Nf1 Nc6 14. Ng3 h5 {is satisfactory for Black.})
13... Nc6 14. Be3 c4 15. Nc1 b5 $6 {A nervous move after which Black obtains
an unpleasant position.} (15... Qb8 $1 {, preparing to recapture on b5 with
the queen, looks much more accurate.}) 16. axb5 Nxb5 17. Qc2 {At this moment I
realised my position was already worse. Black's queenside play is rather
obtuse with the knights so clumsily placed. Meanwhile White plans Ne2-g3 with
pressure on the kingside.} Nba7 $1 {Hitting on the right idea. The knight
transfer to b6 will support ...a4.} 18. g3 (18. Ne2 Nc8 19. Nf4 h5 20. Nh3 Nb6
21. Bg5 (21. Nhg5 g6 22. h4 a4 $11) 21... a4 22. Qd2 Bxg5 23. Nhxg5 g6 24. Qf4
Qe7 $11 {Black looks rather stable on the kingside, so shouldn't have too many
problems.}) 18... Nc8 19. h4 h6 20. Ne2 Nb6 21. h5 a4 $6 {A mistake similar to
15...b5. Instead of rushing with this I had to counter White's idea of f4-f5.}
(21... Kd7 $1 22. Nh2 (22. Nf4 Qg8) 22... Qg8 {is equal because now 23.f4 can
be met by 23...Qh7.}) 22. Nh2 Kd7 {Too late. White will achieve f4-f5, but
Black is still pretty solid.} 23. f4 Kc7 24. f5 {A bit rushed. Adams may have
overlooked 25...Ne7.} (24. Rf1 $1 {is more accurate.}) 24... Bg5 25. Nf4 Ne7
26. fxe6 (26. g4 Qc8 {amounts to the same thing.}) 26... Bxf4 27. Bxf4 fxe6 28.
Rf1 {However, as it turns out Black is still in an unpleasant position.} Qd7
29. Rf2 Raf8 30. Raf1 Qe8 31. Qe2 Rf5 32. g4 Rf7 33. Bc1 Rhf8 34. Nf3 Nd7 35.
Qc2 Nb6 36. Kg2 $6 {An inaccurate move. The king will turn out to be rather
exposed on g2 as we will see.} (36. Nh4 Rxf2 37. Rxf2 Rxf2 38. Kxf2 $14 {
Black should be able to hold this position, but it is an unpleasant task.})
36... Qb5 37. Nh4 $2 {After this White will have to fight hard for a draw!} (
37. Ng5 $2 {would work well with the king on g1.} Rxf2+) (37. Kg3 Kd7 $1 {
After avoiding all Ng5 ideas, Black has been able to activate the queen to b5
and has some counterplay.}) 37... Qb3 $1 {Adams had obviously overlooked this
posibility.} 38. Qh7 $2 {A second mistake after which there is, surprisingly,
no more hope. White would have to dig very deep to save the game.} (38. Qxb3 $2
Rxf2+ 39. Rxf2 Rxf2+ 40. Kxf2 cxb3 {is awful for White:} 41. Ng2 a3 $1 (41...
Nc4 $6 42. Nf4 Kd7 43. Nd3) 42. bxa3 Na4 43. Nf4 Kd7 44. Nd3 Nc6 $19) ({
White can save the game with very accurate play:} 38. Qd2 $1 Rxf2+ 39. Rxf2
Rxf2+ 40. Qxf2 (40. Kxf2 $2 a3 41. bxa3 Na4 $19) 40... a3 41. bxa3 Qxc3 42. Qf7
(42. Be3 Nd7 $17) 42... Nbc8 43. Bf4 Qxd4 44. Ng6 Qb2+ 45. Kh3 Qxa3+ 46. Kh4 c3
47. Qxg7 c2 48. Qxh6 $13 {is just unclear.}) 38... Rxf2+ 39. Rxf2 Rxf2+ 40.
Kxf2 Kd7 41. Nf3 {Forced.} (41. Qxg7 Qc2+ 42. Kg3 Qxc1 43. Ng6 Nbc8 $19) (41.
Ng6 Qc2+ $19) 41... a3 42. bxa3 Na4 $1 {After ...Nxc3 Black's attack will be
irresistible. Probably Adams had missed this move when he played 38.Qh7. White
doesn't gets any second chances.} (42... Qxc3 $2 43. Be3 {is just unclear.})
43. Bd2 (43. Qxg7 Qc2+ 44. Bd2 Nxc3 45. Qxh6 Ne4+ 46. Ke1 c3 47. Qe3 (47. Be3
Qb1+ 48. Ke2 c2 49. Bc1 Qb5+ 50. Ke1 Qd3 $19) 47... Nxd2 48. Nxd2 Nc6 $1 49. h6
(49. g5 cxd2+ 50. Qxd2 Qe4+ 51. Qe2 Qh4+ 52. Kf1 Qxg5 53. Qb5 Kc7 $19) 49...
cxd2+ 50. Qxd2 Qe4+ $19) 43... Nxc3 44. Bxc3 Qxc3 {Now a sharp endgame ensues,
but White never has any real chances to save the game.} 45. Qb1 (45. Qxg7 Qb2+
46. Kg3 c3 $19) 45... Kc7 46. a4 {The most testing. Some accuracy is still
required.} (46. Qb4 Qxb4 47. axb4 Kb6 $19) (46. Qb5 Qxa3 47. Qe8 Nc6 $19 48.
Qxe6 Qxf3+) 46... Nc6 47. Qg6 Qb2+ (47... Nxd4 $2 48. Qxg7+ Kc6 49. Qf8 {
is amazingly a draw:} Nxf3 50. Qd6+ Kb7 51. Qe7+ Kb6 52. Qxe6+ Kc5 53. Qe7+ $1
(53. Qd6+ $2 Kd4 54. Qb6+ Kxe5) 53... Kd4 54. Qa7+ Ke4 (54... Kxe5 $2 55. Qg7+
{is the point of 53.Qe7!}) 55. Qh7+ $11) 48. Kg3 c3 49. Ne1 {After other moves
the c-pawn will be unstoppable.} (49. Qxg7+ Kb6 50. a5+ Nxa5 51. Qf8 c2 52.
Qd8+ Kb7 53. Qd7+ Ka6 54. Qc8+ Nb7 55. Qc6+ Ka7 56. Qa4+ Kb6 $19) (49. Qxe6 c2
50. Qd6+ Kb7 51. Qd7+ Kb8 52. Qd6+ (52. Qxc6 c1=Q 53. Qxd5 Qb7 $19) 52... Ka7
53. Qxc6 (53. Qc5+ Kb7) 53... c1=Q 54. Qxd5 Qc7 $19) 49... Qe2 50. Nc2 {
White has blockaded the pawn, but that's where the good news ends.} Kb6 51. a5+
Kxa5 52. Qxe6 Qd3+ $1 $19 {The final touch. The rest is simple.} 53. Kf4 (53.
Kh4 Qxc2 54. Qxd5+ (54. Qxc6 Qh2#) 54... Kb6 55. Qc5+ Kb7 56. Qb5+ Kc7 $19)
53... Qe4+ 54. Kg3 Qd3+ 55. Kf4 Qxc2 56. Qxd5+ (56. Qxc6 Qf2# {mate!}) 56...
Kb4 57. Qc5+ (57. Qxc6 Qf2+ 58. Ke4 Qg2+ $19) 57... Kb3 58. Qd5+ Kb2 ({Easier
is} 58... Ka3 59. Qc5+ Nb4 $19) 59. Qb5+ Qb3 60. Qxc6 c2 61. Qg2 Qb4 62. Kf5
Qxd4 63. Qe2 Kc3 64. Qe1+ Qd2 65. Qa1+ Kb3 0-1

[Event "Brighton"]
[Site "Brighton"]
[Date "1981.12.20"]
[Round "8"]
[White "Chandler, Murray G"]
[Black "Short, Nigel D"]
[Result "1-0"]
[WhiteElo "2455"]
[BlackElo "2440"]
[Annotator "ChessBase"]
[PlyCount "53"]
[EventDate "1981.12.13"]
[EventType "tourn"]
[EventRounds "9"]
[EventCountry "ENG"]
[EventCategory "8"]
[SourceTitle "MCD"]
[Source "ChessBase"]
[SourceDate "1999.07.01"]
[SourceVersion "1"]
[SourceVersionDate "1999.07.01"]
[SourceQuality "1"]

1. e4 {[%mdl 1]} e6 2. d4 d5 3. Nd2 Be7 4. Ngf3 Nf6 5. e5 Ne4 6. Bd3 Nxd2 7.
Bxd2 {[#]} O-O $2 (7... c5) 8. h4 h6 (8... c5 9. Bxh7+ Kxh7 10. Ng5+ Kg6 11.
Qg4 f5 12. h5+ Kh6 13. Nf7+ Kh7 14. Qg6+ Kg8 15. Nh6+ Kh8 16. Nxf5 Rxf5 17. h6
$18) 9. c3 Nd7 10. Ng5 c5 {[#]} 11. Qh5 $16 (11. Nh7 Re8 12. Bxh6 $18) (11.
Bh7+ Kh8 12. Bb1 cxd4 13. cxd4 Qb6 14. Qc2 f5 15. exf6 Nxf6 16. Nh7 $16) 11...
cxd4 12. cxd4 Qb6 13. Bc3 Bb4 14. Kf1 Bxc3 15. bxc3 Qb2 16. Rd1 Qxa2 17. Rh3 b6
18. Bh7+ Kh8 19. Rg3 Ba6+ 20. Kg1 Qe2 {[#]} 21. Nxf7+ $18 Rxf7 22. Qxf7 Qxd1+
23. Kh2 g5 24. Bg6 Nf8 25. Qf6+ Kg8 26. Bf7+ Kh7 27. hxg5 1-0

[Event "RUS-Cup4"]
[Site "Perm"]
[Date "1997.02.15"]
[Round "8"]
[White "Brodsky, Michail"]
[Black "Totsky, Leonid"]
[Result "1-0"]
[WhiteElo "2515"]
[BlackElo "2495"]
[Annotator "Donev,I"]
[PlyCount "73"]
[EventDate "1997.02.02"]
[EventType "swiss"]
[EventRounds "9"]
[EventCountry "RUS"]
[SourceTitle "CBM 058"]
[Source "ChessBase"]
[SourceDate "1997.06.01"]
[SourceVersion "1"]
[SourceVersionDate "1997.06.01"]
[SourceQuality "1"]

1. e4 e6 2. d4 d5 3. Nd2 b6 4. Ngf3 Nf6 5. Bd3 c5 6. c3 Be7 7. O-O O-O 8. Re1
Ba6 9. Bc2 dxe4 10. Nxe4 Nbd7 11. Nxf6+ Nxf6 12. Bf4 cxd4 13. Nxd4 Bb7 14. Qd3
Qd5 15. Qh3 Qh5 16. Qg3 $1 {Auf keinen Fall die Damen tauschen. Das hätte die
schwarze Verteidigung erleichtert.} Nd5 17. Be5 Nf6 ({Der logische Zug} 17...
Bf6 $2 {geht nicht, weil Schwarz nach} 18. c4 $1 {eine Figur verliert.}) 18. h3
Rfd8 19. Rad1 $14 {[%csl Ra8,Gd4,Ge5,Rh5] [#] Weiß besitzt einen kleinen aber
soliden positionellen Vorteil. Die weißen Figuren sind optimal im Zentrum
platziert. Hauptnachteil in der schwarzen Stellung ist die schlecht stehende
Qh5 und der arbeitslose Turm auf a8.} h6 20. Bb3 Kh8 21. Nb5 ({mittels} 21. Rd3
$142 {/\ Rde3 könnte sich der Anziehende die schwarzen Züge a6 und b5 ersparen.
}) 21... a6 22. Nd4 b5 23. Rd3 Bf8 24. Rde3 Nd5 25. Rf3 ({Die schlecht
stehende schwarze Dame lockt zur Turmüberführung an den Königsflügel:} 25. Re4
$1 {[%csl Rh5] bringt Weiß sehr großen Vorteil.} f6 (25... Nf6 26. Rh4 Qg6 27.
Qxg6 fxg6 28. Rxh6+ $1 $18) (25... Ne7 26. Rh4 Qg6 27. Qxg6 Nxg6 28. Rxh6+ Kg8
29. Rxg6 $1 fxg6 30. Nxe6 $18) 26. Nxe6 fxe5 27. Rxe5 Qf7 28. Nxd8 Rxd8 29. Qd3
$1 $16) 25... Rd7 26. Bc2 Kg8 27. h4 {Alle weißen Steine zielen auf den
schwarzen Monarchen. Es ist keine Überraschung, daß der weiße Vorteil in ein
paar Zügen entscheidend sein wird.} Nb6 (27... Ne7 28. Rf4 (28. Rf6 $5) 28...
Nc6 29. Nxc6 (29. Bd1 Qxe5 $1 30. Rxe5 Nxe5 $14) 29... Bxc6 30. Rg4 f5 31. Rg6
$16) 28. Nxe6 $1 $18 g5 (28... fxe6 29. Bg6 Qxf3 30. gxf3 Nc4 31. b3 $18) (
28... Bxf3 29. Nxf8 $18) 29. Nxf8 Rxf8 (29... Kxf8 30. Rf5 Qxh4 (30... Rd2 31.
hxg5 Rxc2 (31... Qg6 32. Rxf7+ Qxf7 33. gxh6 $18) 32. Bd6+ Kg8 33. gxh6+ $18)
31. Qxh4 gxh4 32. Bf4 $18) 30. Rf6 (30. hxg5 hxg5 31. Rf5 f6 32. Bxf6 Rd5 $18)
30... Nd5 31. hxg5 hxg5 32. Bd1 Qh4 33. Qxh4 gxh4 34. Rh6 f6 35. Bd4 Nf4 36.
Rxh4 Nxg2 37. Rg4+ 1-0

[Event "Linares Anibal op 04th"]
[Site "Linares"]
[Date "1997.??.??"]
[Round "6"]
[White "Delchev, Aleksander"]
[Black "Mollov, Ergin"]
[Result "1-0"]
[WhiteElo "2515"]
[BlackElo "2375"]
[Annotator "Donev,I"]
[PlyCount "65"]
[EventDate "1997.02.??"]
[EventType "swiss"]
[EventRounds "10"]
[EventCountry "ESP"]
[SourceTitle "CBM 058"]
[Source "ChessBase"]
[SourceDate "1997.06.01"]
[SourceVersion "1"]
[SourceVersionDate "1997.06.01"]
[SourceQuality "1"]

1. e4 e6 2. d4 d5 3. Nd2 Be7 4. Bd3 Nf6 5. e5 Nfd7 6. Qg4 $1 g6 (6... O-O 7.
Ne2 c5 8. c3 cxd4 9. cxd4 Nc6 10. Nf3 f5 11. Qh3 Qa5+ 12. Bd2 Bb4 13. Nc3 Nb6
14. a3 Nc4 15. Ke2 Be7 16. b4 Qd8 17. g4 Nxd2 18. Kxd2 g6 19. gxf5 exf5 20.
Rag1 Rf7 21. Qh6 Rg7 22. h4 $16 {Mit sehr starkem weißen Angriff Westerinen,
H-Keene,R/Dortmund 1975}) 7. h4 h5 8. Qg3 $14 {[%csl Rf6,Rg5,Rh6] Weiß bezitzt
am Königsflügel deutlichen positionellen Vorteil. Die schwarzen Felder (g5, h6
und f6 ) sind geschwächt. Außerdem können die weißen Figuren viel bequemer
entwickelt werden, z.B. Ne2 , Ndf3 nebst starkem Königsangrif. Im passenden
Augenblick kann der Anziehende eine Leichtfigur auf g6 oder f7 opfern, um das
Spiel am Königsflügel zu öffnen.} c5 9. c3 Nc6 10. Ne2 cxd4 11. cxd4 Nb6 12.
Nf3 Bd7 (12... Nb4 13. Bb1 (13. Ng5 Nxd3+ 14. Qxd3 Bd7 15. O-O O-O 16. Bf4 Rc8
17. Rac1 $14) 13... Qc7 14. Bg5 $1 (14. O-O Nc2 15. Bxc2 Qxc2 16. Nc3 Bd7 $13)
14... Nc2+ 15. Bxc2 Qxc2 16. Bxe7 Qxb2 17. O-O $1 $16) 13. Ng5 $1 (13. Bg5 Nb4
14. Nf4 $14) 13... Rg8 (13... Nb4 14. Bb1 O-O 15. a3 Nc6 16. Nxf7 $1 Rxf7 17.
Bxg6 Rg7 18. Bh6 $16) 14. Qf3 Rg7 {Alles läuft nach dem oben beschriebenen
Plan. Nach dieserm taktischen Schlag bricht die schwarze Stellung zusammen.}
15. Nxf7 $1 Bb4+ ({Ebenfalls hoffnungs los ist:} 15... Rxf7 16. Bxg6 Bb4+ 17.
Kf1 Qe7 18. a3 Ba5 19. b4 $18 {[%csl Ra5,Rf7]}) 16. Kf1 Qe7 17. Nh8 $1 {
Weiß droht sowohl den schwache Pg6 als auch mittels a3 den Bb4 zu fangen.}
O-O-O 18. Nxg6 Qe8 19. Qxh5 $18 {Das Ergebnis der schwarzen
Eröffnungsbehandlung ist katastrophal. Alle schwarzen Bauern am Königsflügel
sind verschvunden. Der Rest ist eine Sache der Technik.} Nc4 20. Qh6 Qf7 21. a3
Bf8 22. Rh3 Qg8 23. b3 Rh7 24. Qg5 Bh6 25. Ne7+ Rxe7 (25... Nxe7 26. Qxg8 Rxg8
27. Bxh7 $18) 26. Qxg8 Rxg8 27. Bxh6 N4a5 28. Rb1 Be8 29. h5 Rc7 30. Be3 Ne7
31. Nf4 Bf7 32. h6 Rh8 33. g4 {Eine musterhafte Partie, durch die die
fragwürdige schwarze Eröffnungsvariante vollständig vernichtet ist. Darüber
hinaus kann man hier lernen, wie der Anziehende im Mittelspiel den
abgeschwächten schwarzen Könisflügel ausnutzte.} 1-0

[Event "FRA-ch"]
[Site "Narbonne"]
[Date "1997.08.26"]
[Round "11"]
[White "Marciano, David"]
[Black "Bricard, Emmanuel"]
[Result "1/2-1/2"]
[WhiteElo "2470"]
[BlackElo "2350"]
[Annotator "Donev,I"]
[PlyCount "51"]
[EventDate "1997.08.15"]
[EventType "tourn"]
[EventRounds "15"]
[EventCountry "FRA"]
[EventCategory "9"]
[SourceTitle "CBM 061"]
[Source "ChessBase"]
[SourceDate "1997.11.23"]
[SourceVersion "1"]
[SourceVersionDate "1997.11.23"]
[SourceQuality "1"]

1. e4 e6 2. d4 d5 3. Nd2 h6 $6 {Der mit diesem Zug verbundene Zeitverlust
ermöglicht dem Anziehenden, gutes Spiel zu erlangen.} 4. Ngf3 Nf6 5. Bd3 c5 6.
dxc5 dxe4 7. Nxe4 Nxe4 8. Bxe4 Qxd1+ 9. Kxd1 Bxc5 10. Ke2 O-O 11. Be3 Bxe3 12.
Kxe3 (12. fxe3 {Der Vorteil von diesem Zug ist das Weiß später gegen das
schwarze Zentrum (f + e Bauern) den Bauer auf e4 dagegen stellen kann.} f5 13.
Bd3 Nc6 14. e4 $11) 12... f5 13. Bd3 Nc6 {bereitet e6-e5 vor.} 14. Rad1 e5 {
[%cal Ye5e4,Ye4d3,Ye4f3]} 15. Bc4+ {[%cal Yd3c4,Yc4d5,Yd5c6]} Kh7 16. Bd5 $1 e4
{Schwarz erobert Raum, aber dafür hat der Anziehende Entwicklungvorsprung.} 17.
Bxc6 bxc6 18. Ne5 $1 $14 {Weiß hat einen Kleinen aber dauerhaft positionellen
Vorteil: a) Bessere Bauernstruktur - am Damenflügel sind die schwarzen Bauern
a7 und c6 schwach. b) Beherrschung der d-Linie c) Bessere Lage des weißen
Königs und Springers} c5 19. Nd7 f4+ {Der Nachziehende opfert einen Bauern mit
den Idee das Spiel zu öffnen um die Stärke seines Läufers zu demonstrieren.} (
19... Bxd7 20. Rxd7 Rf6 (20... Rfd8 21. Rhd1 Rxd7 22. Rxd7 $18) 21. Rhd1 $16)
20. Kxe4 Re8+ (20... Bb7+ 21. Ke5 $1 Rae8+ (21... Rfe8+ 22. Kxf4 Re2 23. Kg3
Rxc2 24. Rhe1 $16) 22. Kd6 $16) 21. Kf3 Bb7+ 22. Kxf4 Re2 23. Kg3 Bc6 24. Nxc5
{Weiß hat schon 3 Bauern mehr obwohl der Anziehende von der Spielstärke her
120 Elo mehr besitzt. Man kann sagen, na ja klare Sache - der Rest ist nur
noch Technik!?} Rf8 25. Rd6 $4 {Nach diesem schwachen Zug rettet sich der
Nachziehende mittels Dauerschach.} (25. Nd3 $142 $1 $18 Rxc2 26. Rc1 Rd2 (26...
Rxc1 27. Rxc1 $18) 27. Rhd1 $18) 25... Bxg2 $1 26. Kxg2 (26. Kxg2 Rexf2+ 27.
Kg3 R8f3+ {mit Dauerschach.}) 1/2-1/2